| 000 | 00515nam a2200193Ia 4500 | ||
|---|---|---|---|
| 003 | GCL | ||
| 008 | 140319s9999 xx 000 0 eng d | ||
| 020 | _a0670872873 | ||
| 040 |
_aGCL / _cGCL |
||
| 082 | 0 | 4 |
_aCH _b813.1 _bS W |
| 100 | 1 | _aSUEN, ANASTASIA | |
| 245 | 1 | 0 |
_aWINDOW MUSIC / _cSUEN, ANASTASIA |
| 260 |
_aنيويورك : _bTHE PENGOIN GROUP ، _c0 |
||
| 300 | _a22 CM | ||
| 650 | 0 | 4 | _aAMERICAN FICTION |
| 650 | 0 | 4 | _aAMERICAN LITERATURE |
| 650 | 0 | 4 | _aCHILDREN'S LITERATURE - AMERICAN |
| 942 |
_2ddc _cBK |
||
| 999 |
_c18467 _d18467 |
||